00750cas a22002657a 450000500170000000800410001701000100005801100100006803500100007824500360008826000450012430000070016931000120017636200190018865000410020765000480024886600250029686600230032186600260034486600270037086600200039786600200041786600230043786600240046020220329142320.0000614u us mr pernn 0 b1spa d a81546 a82518 a9301600aCaminos y construcción pesada0 aChicago, Ill. :bGillette Group,c1940?- av. aMensual av.23 n.6,1964.14aCaminosxPublicaciones periódicas.14aConstrucciónxPublicaciones periódicas. av.14 n.1,3-12 (1955) av.15 n.1-12 (1956) av.16 n.1-2,4-5 (1957) av.17 n.3,6-7,11 (1958) av.18 n.3 (1959) av.19 n.1 (1960) av.21 n.1,11 (1962) av.23 n.3,6,9 (1964)